000 00399nam a2200145 i 4500
001 bg
245 0 _aĆwiczenia z geodezji inżynieryjno-przemysłowej :
_bpraca zbiorowa /
_cpod red. J. Ponikowskiego. Cz.1.
260 _aWarszawa,
_c1971.
700 1 _aPonikowski, Jan.
_eRed.
040 _cBPK
041 _apol
080 _a528(084.1)
942 _cKS
008 s pl f |000 0 pol
999 _c7164
_d7164
856 _uhttp://koha.tu.koszalin.pl/cgi-bin/koha/opac-detail.pl?biblionumber=7164
_yKatalog online BPK